Library Banner

Islam in focus/ (Record no. 96085)

MARC details
000 -LEADER
fixed length control field 00383nam a22001457a 4500
005 - DATE AND TIME OF LATEST TRANSACTION
control field 20170801101655.0
008 - FIXED-LENGTH DATA ELEMENTS--GENERAL INFORMATION
fixed length control field 170801b xxu||||| |||| 00| 0 eng d
040 ## - CATALOGING SOURCE
Transcribing agency PK-LaUMT
082 ## - DEWEY DECIMAL CLASSIFICATION NUMBER
Classification number ZIAC 297
Item number HAM-I
100 ## - MAIN ENTRY--PERSONAL NAME
Personal name Hammudah Abdalati
245 ## - TITLE STATEMENT
Title Islam in focus/
Statement of responsibility, etc Hammudah Abdalati
260 ## - PUBLICATION, DISTRIBUTION, ETC. (IMPRINT)
Place of publication, distribution, etc دہحہ:
Name of publisher, distributor, etc وزارۃ الاوقاف ،
Date of publication, distribution, etc 1995
300 ## - PHYSICAL DESCRIPTION
Extent 210 ص
942 ## - ADDED ENTRY ELEMENTS (KOHA)
Koha item type Books
Holdings
Withdrawn status Lost status Damaged status Home library Current library Date acquired Full call number Barcode Date last seen Price effective from Koha item type
      UMT Main Campus UMT Main Campus 2017-08-01 ZIAC 297 HAM-I 111733 2017-08-01 2017-08-01 Books